| 000 | 00307 a2200133 4500 | ||
|---|---|---|---|
| 001 | 81560 | ||
| 082 | _a620.106 FOX | ||
| 090 |
_c39785 _d39785 |
||
| 100 | _aFox,R.W | ||
| 245 | _aIntroduction to Fluid Mechanics, 6/e | ||
| 250 | _a6 | ||
| 260 |
_aUSA _bJohn wiley & sons _c2004 |
||
| 300 | _axii, 787 p. | ||
| 942 |
_aNUST-CAE _k620.106 FOX |
||
| 999 |
_c316633 _d316633 |
||